000 00845nam a2200277 c 4500
999 _c41558
_d41558
003 BLK
005 20220217170503.0
008 180408b bul|||||r ||||||| ||bul||
010 _aKNG00045125000
020 _a91-89196-11-2
040 _aBLK
041 _cDRU
072 7 _2bullib
_aК
_xКраезнание
080 _aЛитература на отделни езици и езикови семейства
_b821
_x-1
_z821-1
139 _aBortom berg, bortom slatter, bortom hav
_bB 78
245 1 0 _aBortom berg, bortom slatter, bortom hav
260 _bPodium
_c1999
300 _a128 c
_c20 cm
380 _aX
659 _aК
852 _aЦб 201927
852 _aК 821/B 78
856 4 _qpdf
856 4 _qpdf
942 _cKNG
_n0
_s1
944 _aCR
_c01.01.1999
_kAB_DOS
944 _aED
_c29.05.2015
_kВаля_Йорданова
999 _d41558